Tratados sobre los libros de las santas escrituras
Saved in:
| Hovedforfatter: | |
|---|---|
| Format: | Bog |
| Sprog: | spansk |
| Udgivet: |
Madrid
Ciudad Nueva
1997
|
| Serier: | Fuentes Patrísticas, 9
|
| Fag: | |
| Tags: |
Tilføj Tag
Ingen Tags, Vær først til at tagge denne postø!
|
MARC
| LEADER | 00000nam a2200000 a 4500 | ||
|---|---|---|---|
| 001 | UCS6747 | ||
| 003 | CL-VaPUC | ||
| 008 | 971003e19970000SP |||||||||||||||||spa|d | ||
| 082 | 0 | 4 | |a 281 |b GRE |2 21 |
| 100 | 0 | |a Gregorio de Elvira |e author |9 392104 | |
| 245 | 1 | 0 | |a Tratados sobre los libros de las santas escrituras |
| 300 | |a 480 p | ||
| 942 | |c BK | ||
| 945 | |d 19971003 00:00:00 |a aalvarez | ||
| 260 | |a Madrid |b Ciudad Nueva |c 1997 | ||
| 650 | 0 | |a Sagradas escrituras |9 349657 | |
| 650 | 0 | |a Patrología |9 349346 | |
| 583 | |a last modification |c 19971003 00:00:00 |k Rodrigo Vera | ||
| 490 | 0 | |a Fuentes Patrísticas, 9 | |
| 999 | |c 262332 |d 262330 | ||
| 952 | |0 0 |1 0 |4 0 |6 281_000000000000000_GRE_1997 |7 0 |8 A |9 290713 |a BIBTEO |b BIBTEO |d 2019-11-19 |i 3349292 |o 281 GRE 1997 |p 3349292 |r 2024-01-18 |w 2019-11-19 |y BK |k ICR | ||